Bisogno di credere : un punto di vista laico /
I tiakina i:
| Kaituhi matua: | |
|---|---|
| Ētahi atu kaituhi: | |
| Hōputu: | Pukapuka |
| Reo: | Itāriana |
| I whakaputaina: |
Roma :
Donzelli,
c2006
|
| Rangatū: | Saggine ;
97 |
| Ngā marau: | |
| Ngā Tūtohu: |
Kāore He Tūtohu, Me noho koe te mea tuatahi ki te tūtohu i tēnei pūkete!
|
MARC
| LEADER | 00000nam a22000007i 4500 | ||
|---|---|---|---|
| 001 | IT\ICCU\MOD\1360977 | ||
| 003 | ItRI | ||
| 005 | 20260115231916.0 | ||
| 008 | 061206s2006 it |||||| ||||| |||||c | ||
| 020 | |a 8860360897 | ||
| 040 | |b ita |c importazione bologna sebina | ||
| 041 | 7 | |a ita |2 ISO-639-2 | |
| 082 | |a 230 |9 CRISTIANESIMO TEOLOGIA CRISTIANA |2 21 | ||
| 100 | 1 | |a Kristeva, Julia |0 IT\ICCU\CFIV\074894 |4 aut | |
| 245 | 1 | 0 | |a Bisogno di credere : |b un punto di vista laico / |c Julia Kristeva ; traduzione di Monica Guerra. |
| 260 | |a Roma : |b Donzelli, |c c2006 | ||
| 300 | |a VIII, 149 p., [4] carte di tav. : |b ill. ; |c 17 cm | ||
| 650 | 7 | |a Cristianesimo | |
| 650 | 7 | |a Sofferenza |x Concezione cristiana | |
| 700 | 1 | |a Guerra, Monica |c (traduttrice) |0 IT\ICCU\VIAV\102666 | |
| 790 | 1 | |a Joyaux, Julia |3 IT\ICCU\UFEV\422238 |z Kristeva, Julia | |
| 830 | 0 | |a Saggine ; |v 97 |0 IT\ICCU\RAV\0233095 | |
| 942 | |2 ddc |c BK |n 0 | ||
| 952 | |0 0 |1 0 |4 0 |6 DOC_230_000000000000000_KRI |7 0 |9 16162 |a BO |b BO |d 2026-01-15 |i 15102 |l 0 |o DOC 230 KRI |p BO15102 |r 2026-01-15 23:19:16 |w 2026-01-15 |x [Sebina 5] [1 v.] |y BK |z 1 v. | ||
| 999 | |c 13887 |d 13887 | ||